000 00445nam a2200145Ia 4500
008 231129s2002||||xx |||||||||||||| ||spa||
020 _a958-652-134-6
040 _bspa
082 _a336 H638a
100 _aHiguera Cristancho Pedro Pablo
245 0 _aAnalisis financiero público
260 _c2002
264 _aBogotá Colombia: Escuela Superior de Administración Pública - ESAP
942 _2ddc
_cBKS
999 _c5099
_d5099